000 01229cam a2200325 i 4500
003 CO-BoRNBP
005 20240926075421.0
007 ta
008 180525t20172017ck fr 000 0 spa d
020 _a9584262092
020 _a9789584262097
040 _aCO-BoUNC
_bspa
_erda
_cCO-BoUNC
082 0 4 _a153.9
_bR65f
_223
100 1 _aRomera, Mar
_d1967-
_eautor
_942295
245 1 3 _aLa familia, la primera escuela de las emociones /
_cMar Romera ; prólogo de Francesco Tonucci ; gráfico del interior Carlos Salom.
250 _aPrimera edición
264 1 _aBogotá :
_bEdiciones Destino
_bEditorial Planeta Colombiana,
_c2017.
264 4 _c©2017
300 _a206 páginas ;
_c23 cm.
_bilustraciones en blanco y negro
336 _atexto
_btxt
_2rdacontent
337 _asin mediación
_bn
_2rdamedia
338 _avolumen
_bnc
_2rdacarrier
490 1 _aColección Imago Mundi
_vv. 284
504 _aBibliografía : páginas [205]-206
650 1 7 _aFamilia
_xAspectos psicológicos
_2LEMB
_942296
650 1 7 _aInteligencia emocional
_2LEMB
_91817
700 1 _aTonucci, Francesco
_eescritor de prólogo
_94681
830 0 _aImago mundi (Editorial Planeta Colombiana. Ediciones Destino)
_vv. 284
_942297
942 _2ddc
_cBK
999 _c38325
_d38325